[Event "Melbourne op"]
[Site "Melbourne"]
[Date "2024.04.06"]
[Round "7"]
[White "Tang, Terrence"]
[Black "Hartley, James"]
[Result "1/2-1/2"]
[WhiteElo "1971"]
[BlackElo "1885"]
[PlyCount "61"]
[EventDate "2024.04.03"]
[EventType "swiss"]
[EventRounds "9"]
[EventCountry "AUS"]
[SourceTitle "CB18_2024"]
[SourceDate "2024.05.01"]
[SourceVersion "1"]
[SourceVersionDate "2024.05.01"]
[SourceQuality "2"]

1. e4 c5 2. d3 Nc6 3. g3 d5 4. exd5 Qxd5 5. Qf3 Be6 6. Bg2 Qd7 7. Be3 Nf6 8. Qe2 b6 9. Nc3 Nd5 10. Nxd5 Bxd5 11. Nf3 g6 12. 0-0 Bg7 13. c3 0-0 14. Rfd1 Rad8 15. d4 cxd4 16. Nxd4 Bxg2 17. Kxg2 Nxd4 18. Bxd4 Qb7+ 19. Qf3 Qxf3+ 20. Kxf3 Bxd4 21. cxd4 Rd7 22. Rd3 Rc8 23. Rad1 Rc2 24. R1d2 Rxd2 25. Rxd2 Rc7 26. Ke4 Kf8 27. Kd3 Ke8 28. Rc2 Rxc2 29. Kxc2 Kd7 30. Kd3 Kc6 31. Ke4 1/2-1/2